000 00569nam a2200181Ia 4500
008 100921s9999 xx 000 0 und d
082 _b32431
_a891.463 न 00
100 _aकुलकर्णी पद्मा.
245 _aकिथी.
260 _bप्राजक्त,पुणे.
_c2000
300 _a136
_bजयेश एजन्सी,पुणे.
365 _b110
520 _aललित-कादंबरी.
630 _aकिथी.
650 _aललित-कादंबरी.
730 _aकिथी.
942 _cBOOK
999 _c781544
_d781541